Tekst piosenki "Na zawsze i na wieczność" - Statystyki

Ogólne statystyki
  • Ten quiz został rozwiązany 51 razy
  • Średni wynik to 18 z 20
Statystyki odpowiedzi
Tekst % Poprawnych
A po chwili zaczął {padać} {deszcz}.
100%
Tyle samotnych dróg musiałem przejść bez {Ciebie}.
100%
W {słoneczny} dzień, zobaczyłem Cię.
98%
Świeciło słonce a z {nieba} padał deszcz.
96%
Był chyba maj, {Park} na Grochowie.
93%
I wtedy {padał} {deszcz}.
93%
Nie {wiedziałem}, co się ze mną dzieje,
93%
Wszystko {znikło} byłaś tylko ty.
93%
A kto {odejdzie} zawsze będzie sam.
91%
By będąc tu przez chwilę wszystko {zapamiętać}.
91%
Kto {odejdzie} zawsze będzie sam.
91%
Tańczyłaś boso, byłaś jak {natchniona},
91%
Tyle samotnych dróg musiałem przejść by {móc},
91%
Nasza {droga} nigdy się nie skończy,
87%
Na zawsze i na wieczność, uczyńmy z życia {święto},
87%
{odnaleźć} Ciebie tu.
87%
Nasze {oczy} wreszcie się spotkały,
84%
Byłaś blisko, wszystko {zrozumiałem},
80%
Stałaś w {tęczy} jak zaczarowana,
76%
jak odbicia zagubionych {gwiazd}.
47%
Nie znaleziono quizów pasujących do podanych kryteriów
Rozkład punktacji
Procent ludzi z każdym wynikiem
Percentyl według liczby udzielonych odpowiedzi
Twoja historia wyników
Nie rozwiązałeś tego quizu